000 01468cam a2200409Ja 4500
001 ocm47658942
003 OCoLC
005 20230929111248.0
008 010720s2001 flua c 000 0 eng
010 _a 2001048157
020 _a1589521595
020 _a9781589521599
020 _c16.95
029 1 _aAU@
_b000022876006
035 _a(OCoLC)47658942
_z(OCoLC)732789168
040 _aDLC
_beng
_cDLC
_dOCLCQ
_dVPL
_dOCLCQ
_dBAKER
_dBTCTA
_dTXBXL
_dLEPLL
_dOCLCO
_dOCLCQ
_dWACOL
_erda
042 _apcc
_alcac
049 _aWACL
050 0 0 _aQE861.5
_b.M44 2001
082 0 0 _a567.9
_221
092 _aJ567.9
_bMeh
100 1 _aMehling, Carl.
_95878228
245 1 0 _aIt's all about dinosaurs: a question and answer book /
_cwritten by Carl Mehling.
_bWould a dinosaur eat my teacher?
246 3 _aDinosaurs
260 _aVero Beach, Fla. :
_bRourke Pub.,
_c2001.
264 _aVero Beach, Fla. :
_bRourke Pub.,
_c2001
300 _a29 p. :
_bcol. ill. ;
_c24 cm.
490 1 _aIt's all about!
520 _aQuestions and answers provide facts about dinosaurs, such as what they ate, how they are named, and how scientists gather information from fossils.
650 0 _aDinosaurs
_vJuvenile literature.
_95673950
650 1 _aDinosaurs
_vMiscellanea.
_95744687
650 1 _aQuestions and answers.
_95878229
650 1 4 _aQuestions and answers.
_95878229
650 1 4 _aDinosaurs.
_95878230
830 0 _aIt's all about!
_95878231
942 _cBOOK
_2ddc
999 _c280291
_d280291